000 00545nam a2200193Ia 4500
005 20230208140610.0
008 131103s9999 xx 000 0 und d
040 _aLoreto College
041 _aEnglish
082 _a820.9
_bGRE
100 _aGreenberger, Allen J.
245 4 _aThe British image of India
_b A study in the literature of imperialism
_cAllen J.Greenberger
260 _aNew York
_bOxford Uni. press
_c1969
300 _a234p.
504 _aincludes index
650 _aEnglish Literature
850 _aLCLIB
942 _cBK
999 _c20827
_d71306